[Event "Large KO, Standard Pace / >1700"]
[Site "SchemingMind.com"]
[Date "2010.08.16"]
[Round "-"]
[White "baron1"]
[Black "chesshub"]
[Result "1/2-1/2"]
[WhiteCountry "ENG"]
[BlackCountry "FRA"]
[WhiteElo "2423"]
[WhiteRD "89"]
[BlackElo "2466"]
[BlackRD "71"]
[GameID "257371"]

1. c4 e5 2. Nc3 Nf6 3. Nf3 Nc6 4. g3 Bc5 5. Bg2 d6 6. O-O O-O 7. d3 h6 8. a3 a5 9. e3 Bb6 10. b3 Re8
11. Nd2 Bg4 12. Qc2 Qd7 13. Bb2 Bh3 14. Nde4 Nxe4 15. Bxh3 Qxh3 16. dxe4 Ne7 17. Rad1 Qg4 18. Kg2 Bc5 19. h3 Qg6 20. Na4 b6
21. Nc3 Rf8 22. Qd2 c6 23. f4 f6 24. f5 Qf7 25. Qc2 b5 26. cxb5 Rab8 27. b4 axb4 28. axb4 Bxb4 29. bxc6 Rfc8 30. Nd5 Nxd5
31. exd5 h5 32. Qe2 Bc5 33. e4 Rb6 34. Bc3 Rcb8 35. Qc2 Bd4 36. Rb1 Rxb1 37. Rxb1 Rxb1 38. Qxb1 Qa7 39. Bxd4 exd4 40. Qc2 Kh7
41. Qe2 Qc5 42. Qxh5+ Kg8 43. Qd1 Qc3 44. h4 d3 45. c7 Qxc7 46. Qxd3 Qc1 47. Qe2 Kf7 48. Kf2 Kg8 49. g4 Qf4+ 50. Kg2 Kh7
51. Qf3 Qd2+ 52. Qf2 Qd3 53. Qe1 Kg8 54. g5 Kf7 55. g6+ Ke7 56. Kf2 Qh3 57. Ke2 Qa3 58. Qb1 Qa6+ 59. Qd3 Qa2+ 60. Qd2 Qa6+
61. Kf2 Qb6+ 62. Qe3 Qb2+ 63. Kf3 Qh2 64. Qa7+ Kd8 65. Qf2 Qh1+ 66. Ke3= Qb1 67. Kf4=
1/2-1/2

[Event "Large KO, Standard Pace / >1700"]
[Site "SchemingMind.com"]
[Date "2010.08.16"]
[Round "-"]
[White "chesshub"]
[Black "baron1"]
[Result "0-1"]
[WhiteCountry "FRA"]
[BlackCountry "ENG"]
[WhiteElo "2468"]
[WhiteRD "71"]
[BlackElo "2445"]
[BlackRD "92"]
[GameID "257377"]

1. e4 c6 2. d4 d5 3. Nc3 dxe4 4. Nxe4 Bf5 5. Ng3 Bg6 6. h4 h6 7. Nf3 Nd7 8. h5 Bh7 9. Bd3 Bxd3 10. Qxd3 e6
11. Bf4 Qa5+ 12. Bd2 Bb4 13. c3 Be7 14. Ne4 Ngf6 15. Nxf6+ Nxf6 16. Ne5 c5 17. Qg3 cxd4 18. cxd4 Qxd2+ 19. Kxd2 Ne4+ 20. Kd3 Nxg3
21. fxg3 Bd6 22. Rac1 O-O 23. Rhe1 Rfc8 24. Rxc8+ Rxc8 25. g4 b5 26. Nf3 Kf8 27. g5 Bg3 28. Re2 hxg5 29. Nxg5 Rd8 30. Rc2 Rd5
31. Rc8+ Ke7 32. Ne4 Be5 33. b3 Rxd4+ 34. Ke3 Rb4 35. Nf2 f5 36. Ra8 Bd4+ 37. Ke2 Bb6 38. g3 Rd4 39. Rh8 Rd8 40. Rh7 Rc8
41. Nd3 Bd4 42. h6 Kf7 43. hxg7 Bxg7 44. Nf4 e5 45. Nh5 Rg8 46. Nxg7 Rxg7 47. Rh5 Kf6 48. Rh3 e4 49. a4 b4
0-1